De l'Émoji au mot Anglais (Aléatoire) - Statistiques

Statistiques générales
  • Ce quiz a été pris 165 fois
    63 depuis la dernière actualisation
  • Le résultat moyen est 20 sur 30
Statistiques - réponses
Émoji Traduction en Anglais % Correct
Avocado
100%
Banana
100%
Books
100%
Brain
100%
Bread
100%
Bubbles
100%
Bunny / Rabbit
100%
Bus / Coach
100%
Candle
100%
Car
100%
Cat
100%
Cheese
100%
Door
100%
Egg
100%
Elephant
100%
Fire
100%
Fish
100%
Flashlight / Torch
100%
Ghost
100%
Giraffe
100%
Hand
100%
Heart
100%
Horse
100%
House
100%
Kiwi
100%
Knife
100%
Leg
100%
Lemon
100%
Mirror
100%
Mobile / Mobile phone / Cell / Cellphone
100%
Monkey
100%
Moon
100%
Mushroom
100%
Potato
100%
Rainbow
100%
Snake
100%
Spider
100%
Star
100%
Teacher
100%
Tomato
100%
Tortoise / Turtle
100%
Watch
100%
Wing
100%
Boat / Ship
91%
Flower
91%
Bed
90%
Cherry
90%
Candy
89%
Chair
89%
Cloud
89%
Guitar
89%
Nose
89%
Pen
89%
Pineapple
89%
Strawberry
89%
Dolphin
88%
Duck
88%
Foot
88%
Hog / Pig
88%
Magazine / Newspaper
88%
Watermelon
88%
Airplane / Plane
86%
Bear
86%
Butterfly
86%
Cake
86%
Crocodile
86%
Dress
86%
Eye
86%
Firefighter / Fireman
86%
Mouse
86%
Snail
86%
Toilet
85%
Grapes
83%
Mouse
83%
Snowman
83%
Soap
83%
Socks
83%
Tiger
83%
Tree
83%
Unicorn
83%
Wolf
83%
Arm
80%
Bee / Honeybee
80%
Dog
80%
Frog
80%
Pencil
80%
Spoon
80%
Umbrella
80%
Water
78%
Apple
75%
Bath / Bathtub / Tub
75%
Carrot
75%
Coconut
75%
Cow
75%
Kangaroo
75%
Santa Claus
75%
Shark
75%
Shower
75%
Dice / Die
71%
Mouth
71%
Nurse
71%
Penguin
71%
Parrot
70%
Bandage / Dressing / Plaster
67%
Blueberry
67%
Bone
67%
Chicken
67%
Coat
67%
Dove
67%
Ear
67%
Fox
67%
Gloves
67%
Hat
67%
Palm tree
67%
Panda
67%
Pear
67%
Policeman / Police officer
67%
Sun
67%
Window
67%
Whale
64%
Helicopter
63%
Fly
60%
Lion
60%
Lorry / Truck
60%
Skull
60%
Swan
60%
Tooth
60%
Toothbrush
60%
Volcano
60%
Violin
58%
Bell pepper / Sweet pepper / Pepper
57%
Lime
57%
Mermaid
57%
Mosquito
57%
Rocket
57%
Sponge
57%
Camel
56%
Goat
56%
Laptop
56%
Ant
50%
Cactus
50%
Coin
50%
Crab
50%
Crown
50%
Eagle
50%
Fingerprint
50%
Hammer
50%
Headphone / Headset
50%
Ladder
50%
Ladybird / Ladybug
50%
Lipstick
50%
Raccoon
50%
Screwdriver
50%
Wheel
50%
Rhinoceros
45%
Owl
44%
Chilli / Chilli pepper / Hot pepper
43%
Koala
43%
Printer
43%
Bulb / Light bulb
40%
Earthworm / Worm
40%
Flamingo
40%
Hedgehog
40%
Octopus
40%
Lizard
38%
Wheelchair
38%
Barcode
33%
Bicycle / Bike
33%
Deer
33%
DNA
33%
Goose
33%
Lobster
33%
Magnifying glass
33%
Purse / Wallet
33%
Saw
33%
Scarf
33%
Shovel
33%
Shrimp
33%
Trumpet
33%
Turkey
33%
Cockroach
29%
Keyboard
29%
Lawnmower / Mower
29%
Cock / Rooster
25%
File / Folder
25%
Fire extinguisher
25%
Lung
25%
Mountain
25%
Nest
25%
Scissors
25%
Spider web
25%
Broom
20%
Feather
20%
First-aid kit
20%
Cart / Trolley
17%
Peacock
14%
Axe
13%
Mammoth
13%
Sloth
10%
Bucket
0%
Compass
0%
Wheelbarrow
0%
Aucun quiz correspondant
Distribution des résultats
% des personnes avec chaque résultat
Percentile par nombre de réponses
Votre historique - résultats
Vous n’avez pas pris ce quiz depuis la dernière actualisation